| 000 | 00859nam2a22002291 4500 | ||
|---|---|---|---|
| 001 | v19\rc\1207110 | ||
| 005 | 20250617215421.0 | ||
| 035 | _a(NLR Aleph) 004371407 | ||
| 090 |
_a3504312 _c3504312 |
||
| 100 | _a20060306d1890 |||y0rusy50 ca | ||
| 101 | 0 | _arus | |
| 102 | _aRU | ||
| 105 | _ay z ||||| | ||
| 200 | 0 | _aТ. 14 | |
| 210 |
_d1890 _aБ. м. |
||
| 461 | 0 |
_1001v19\rc\1207094 _12001#$aМатериалы для геологии России$eИзд. С.-Петерб. минералог. о-ва. Т. 1-27$vТ. 14$90 _93504102 _cСанкт-Петербург _d1869-1929 _oИзд. С.-Петерб. минералог. о-ва. Т. 1-27 _tМатериалы для геологии России _vТ. 14$90 |
|
| 801 | 0 |
_aRU _bNLR _gpsbo |
|
| 801 | 1 |
_aRU _bProSoft-M _2rusmarc |
|
| 852 |
_aNLR _j18.155.5.3 |
||
| 852 |
_aNLR _j132/627 |
||
| 942 | _cBOOK | ||
| 980 | _aNB | ||